000 00393nam a22001577a 4500
003 SGT
020 _a9788120333437
082 _a005.133
_bRAJ
100 _aRAJARAMAN,V
245 _aCOMPUTER BASICS AND C PROGRAMMING
260 _aNEW DELHI
_bPHI
_c2015
300 _a431
650 _aCOMPUTER SCIENCE ENGINEERING
653 _aCOMPUTER SOFTWARE, WWW, PROGRAMMING USING C,
942 _2ddc
_cBK
999 _c8227
_d8227